Datum a čas kvízu
31
Celkem bodů
Celkový počet nahraných bodů na tomto kvízu bez doplňovacích otázek.
3.
Pořadí na kvízu
Konečné umístění týmu na tomto kvízu.
Zaznamenané odpovědi
| # | Otázka | Odpověď | Body | Výsledky |
|---|---|---|---|---|
| 1. | Občanská demokratická strana z... | 1 | ||
| 2. | V obci Sklené Teplice na střed... | 0 | ||
| 3. | Slavnostním pochodem v histori... | 0 | ||
| 4. | Český premiér při rozhovoru pr... | 1 | ||
| 5. | Čtyřnásobná olympijská vítězka... | 1 | ||
| 6. | Předminulý týden (21. června)... | 0 | ||
| 7. | První červencový týden tradičn... | 1 | ||
| 8. | Oblíbenou letní událostí jsou... | 1 | ||
| 9. | Napište jméno zpěvačky a název... | 1 | ||
| 10. | Začátek léta má řada sportovní... | 1 |